El Critón: o el deber del ciudadano

Gardado en:
Detalles Bibliográficos
Autor Principal: Platón (Author)
Formato: Libro
Idioma:Lingua castelá
Publicado: Santiago Delfín 1974
Subjects:
Tags: Engadir etiqueta
Sen Etiquetas, Sexa o primeiro en etiquetar este rexistro!

MARC

LEADER 00000nam a2200000 a 4500
001 UCY5742
003 CL-VaPUC
008 950512e19740000CL |||||||||||||||||spa|d
082 0 4 |a 184  |b PLA  |2 21 
100 0 |a Platón  |e author  |9 222 
245 1 3 |a El Critón: o el deber del ciudadano 
246 1 3 |a El banquete: o del amor 
300 |a 141 p 
942 |c BK 
945 |d 19950512 00:00:00  |a cmena 
260 |a Santiago  |b Delfín  |c 1974 
650 0 |a Filosofía   |9 223554 
650 0 |a Política  |9 255312 
650 0 |a Ética  |9 255099 
650 0 |a Amor  |9 257817 
650 0 |a Justicia   |9 255408 
650 0 |a Leyes  |9 256670 
651 0 |a Grecia  |9 265314 
583 |a last modification  |c 19950512 00:00:00  |k Rodrigo Vera 
999 |c 233363  |d 233361